000 01802nas a2200493 i 4500
001 196582
003 ES-MaACL
005 20250809020505.0
006 m g d |
007 cr*|||||||||||
008 241007c19889999sp fr ps 0 b0spa
010 _ac
_b1
022 0 _a2952-5764
_2_u
035 _a(SpMaBN)a7248314
035 _a991047781969708606
040 _aSpMaBN
_bspa
_cSpMaBN
_erdc
_dES-MaACL
080 _a34(460)
080 _a347.965(460)
080 _a35
130 0 _aSala de togas (Almería. Internet)
_9239090
210 0 _aSala de togas
_bAlmería, Internet
222 0 _aSala de togas
_bAlmería. Internet
245 1 0 _aSala de togas:
_bboletín informativo del Ilustre Colegio de Abogados de Almería
260 _aAlmería :
_bIlustre Colegio de Abogados de Almería,
_c1988-
310 _aSemestral
336 _aTexto (visual)
_2isbdcontent
337 _aelectrónico
_2isbdmedia
338 _2rdacarrier
_avolumen
362 _aN. 1 (oct. 1988)-
500 _aÚltima consulta, 7 de octubre de 2024
500 _aVariaciones en el subtítulo
588 1 _aDescripción basada en: n. 88 (dic. 2023)
594 _aTítulo tomado de la cubierta del PDF (consultado el 29 de marzo de 2023)
650 7 _aDerecho-
_zEspaña
_2
_9141531
650 4 _aAbogados-
_zEspaña
_2embne
_99565
655 0 _aPáginas Web
_2tgfbne
_9226719
655 0 _aRevistas electrónicas
_2tgfbne
_9226718
710 _aColegio de Abogados de Almería
_0(isni)0000000512460001
_9239089
776 0 8 _iVersión impresa
_tSala de togas =
_xISSN 2386-9534
_0196581
_w196581
856 4 0 _uhttps://sdt.icaalmeria.es/
_yAcceso electrónico
942 _2udc
_n0
_cREV_E
955 _bPilar Fernández Vera
999 _c196582
_d196582